Tvorba e-learningovej učebnice: Modelovanie technologických procesov +CD-ROM

Salvato in:
Dettagli Bibliografici
Autore principale: Závacká, Jana
Natura: Libro
Lingua:slovacco
Pubblicazione: Bratislava STU v Bratislave FCHPT 2005
Accesso online:Visualizza in OPAC
Tags: Aggiungi Tag
Nessun Tag, puoi essere il primo ad aggiungerne!!

MARC

LEADER 00000nam a2200000 a 4500
005 20260127134058.0
008 050706 2005 xo 000 0 slo d
035 |a vtls008182578 
039 9 |y 200507060914  |z mschk03 
040 |a STUSCHK1  |b slo  |c STUSCHK1  |e AACR2 
100 1 |a Závacká, Jana 
245 1 |a Tvorba e-learningovej učebnice: Modelovanie technologických procesov  |b +CD-ROM 
260 |a Bratislava  |b STU v Bratislave FCHPT  |c 2005 
300 |a 40 s. 
500 |a Obháj.: 6.6. 2005 
500 |a Špec.: Informatizácia a riadenie procesov 
910 |a SCHK95 
999 |c 3586  |d 3586